Wheelchair housing design guide (Record no. 116178)

MARC details
000 -LEADER
fixed length control field 00880cam a22002775a 4500
001 - CONTROL NUMBER
control field L160047
008 - FIXED-LENGTH DATA ELEMENTS--GENERAL INFORMATION
fixed length control field 180426s2018 xxk f 000 0 eng d
020 ## - INTERNATIONAL STANDARD BOOK NUMBER
International Standard Book Number 9781859468289
035 ## - SYSTEM CONTROL NUMBER
System control number (Sirsi) u160047
041 0# - LANGUAGE CODE
Language code of text/sound track or separate title eng
050 04 - LIBRARY OF CONGRESS CALL NUMBER
Classification number F725.54
100 1# - MAIN ENTRY--PERSONAL NAME
Personal name Horn, Michelle
110 2# - MAIN ENTRY--CORPORATE NAME
Corporate name or jurisdiction name as entry element Habinteg Housing Association
9 (RLIN) 5173
245 00 - TITLE STATEMENT
Title Wheelchair housing design guide
250 ## - EDITION STATEMENT
Edition statement 3 ed
260 ## - PUBLICATION, DISTRIBUTION, ETC.
Place of publication, distribution, etc. London
Name of publisher, distributor, etc. RIBA Publishing
Date of publication, distribution, etc. 2018
300 ## - PHYSICAL DESCRIPTION
Extent viii, 136p ; 29 cm
520 ## - SUMMARY, ETC.
Summary, etc. Provides practical advice and design considerations to meet the requirements of the Building Regulations Approved Document M Vol 1, M4(3) Wheelchair user dwellings.
590 ## - LOCAL NOTE (RLIN)
Local note NTK
650 24 - SUBJECT ADDED ENTRY--TOPICAL TERM
Topical term or geographic name entry element ACCESSIBLE HOUSING
650 24 - SUBJECT ADDED ENTRY--TOPICAL TERM
Topical term or geographic name entry element WHEELCHAIRS
650 24 - SUBJECT ADDED ENTRY--TOPICAL TERM
Topical term or geographic name entry element BUILDING REGULATIONS APPROVED DOCUMENT M
651 #4 - SUBJECT ADDED ENTRY--GEOGRAPHIC NAME
Geographic name ENGLAND AND WALES
690 ## - LOCAL SUBJECT ADDED ENTRY--TOPICAL TERM (OCLC, RLIN)
Topical term or geographic name as entry element Building control
9 (RLIN) 6222
942 ## - ADDED ENTRY ELEMENTS (KOHA)
Suppress in OPAC 0
Holdings
Withdrawn status Lost status Source of classification or shelving scheme Damaged status Not for loan Home library Current library Shelving location Date acquired Total Checkouts Full call number Barcode Date last seen Copy number Price effective from Koha item type
    Dewey Decimal Classification     London London Folio 26/04/2018   F725.54 30078965 06/08/2019 1 06/08/2019 Book